000 00490nab a2200145Ia 4500
003 ES-SlBCS
005 20210705211836.0
008 140529s1999 xxu||||| |||| 00| 0 por d
041 _apor
100 1 _aCarvalho, José Mauricio de
_9124654
245 0 0 _aMistério e existência: a vida segundo Severiano de Resende
_c José Mauricio de Carvalho
600 1 4 _aResende, Severiano de
_9208995
773 0 _tEducaçao e Filosofia
_gvol. 13, nº. 25, 1999, págs. 123-140
_wRev1534
942 _cAR
999 _c601343
_d601343